Crisis del socialismo histórico: ideologías y desafíos

Spremljeno u:
Bibliografski detalji
Glavni autor: Gallardo, Helio
Format: Knjiga
Jezik:Undetermined
Izdano: San José, Costa Rica Editorial DEI 1991
Teme:
Oznake: Dodaj oznaku
Bez oznaka, Budi prvi tko označuje ovaj zapis!

MARC

LEADER 00000nam a2200000Ia 4500
008 170316s9999 xx 000 0 und d
090 |a 100 G-4c 
100 |a Gallardo, Helio 
245 |a Crisis del socialismo histórico: ideologías y desafíos 
260 |a San José, Costa Rica 
260 |b Editorial DEI 
260 |c 1991 
300 |a 226 páginas 
650 |a FILOSOFÍA 
650 |a SOCIALISMO 
650 |a MARXISMO 
999 |c 16337  |d 16337 
040 |a cru BVZT 
942 |c 15 D  |h 100 G-4c  |2 z